000 00557nam a22001937a 4500
003 OSt
005 20240925204032.0
008 240925b |||||||| |||| 00| 0 eng d
020 _a9780417548377
040 _aDDC
_cMUST
082 _a338.91 DISJ 2008
100 _aDijkstra A. Geske
_919217
245 _aThe Impact of International Debt Relief/
_cDijkstra A. Geske
260 _aNew York;
_b Routledge Taylor & Francis Group,
_c2008.
300 _axix,138p.:
_bill;
_c20cm
504 _aIncludes Indexes
650 _aFinance
_95401
942 _2ddc
_cO_SHELF
999 _c9411
_d9411